000 00318nam a22001337a 4500
008 170612b xxu||||| |||| 00| 0 eng d
020 _a9780737721300
041 _aeng
080 _a94(100)
100 _a19
101 _aSHH
245 _aLIVING UNDER THE THREAT OF NUCLEARE WAR
_cMANS.D.C
942 _2udc
_cBK
999 _c16856
_d16856